000 00206nam a2200085Ia 4500
008 170617s9999 xx 000 0 und d
100 _aGUPTA- RAJHANS
245 0 _aPROFESSIONAL COMMUNICATION
260 _bMEERUT- PRAGATI
260 _c2010
999 _c15565
_d15565